| 000 | 00412nam a2200157Ia 4500 | ||
|---|---|---|---|
| 003 | GCL | ||
| 008 | 140319s9999 xx 000 0 eng d | ||
| 040 |
_aGCL / _cGCL |
||
| 082 | 0 | 4 |
_a709.17671 _bG I |
| 100 | 1 | _aGRABAR, OLEG | |
| 245 | 1 | 0 |
_aThe Farmation of Islamic Art / _cGRABAR, OLEG |
| 260 |
_a[S.N] : _bYALE UNIVERSITY PRESS ، _c1987 |
||
| 300 | _a232 | ||
| 650 | 0 | 4 | _aART ISLAMIC HISTORY |
| 942 |
_2ddc _cBK |
||
| 999 |
_c17577 _d17577 |
||